000 00270nam a22001217a 4500
082 _a823
_bFIS/M
100 _aFISCHEL, EMMA
245 _aTHE MIDNIGHT GHOST
246 _aTHE MIDNIGHT GHOST
_bTHE MIDNIGHT GHOST
300 _a64
650 _aENGLISH FICTION
942 _cBK
999 _c8725
_d8725